00309 a2200121 4500040001300000082001800013100001900031245003700050260004100087300002200128500001900150650001800169 aDLCbDLC a891.4393bHIJ aNaseem Hijazi. aGumshuda qaaflaycNaseem Hijazi. aLahore:bJahangir Book Depot,c1991. a621 p.c ; 24 cm. aIncludes Index a Urdu-fiction